01159nam a2200325 450000100060000000300080000600500170001400600190003100700150005000800410006502000150010603500220012104000260014305000210016908000080019010000280019824500940022626000520032030000120037253301640038465000160054865000430056465000190060765100410062665100410066765500270070871000190073585600620075499900170081628697FlNmELB20241216220100.0m o d | cr cn|||||||||210112s2005 ag o 000 0 spa d z1413584691 a(OCoLC)1230260734 aFlNmELBbspacFlNmELB 4aHC165bB219 2005 a3271 aBanochok, Luis Alberto.10aAlternativa bolivariana para las Américas y el Caribe A.L.B.A /cLuis Alberto Banochok. a[Santa Fe, Argentina] :bEl Cid Editor,c[2005] a4-22 p. aRecurso electrónico. Santa Fe, Arg.: e-libro, 2015. Disponible vía World Wide Web. El acceso puede estar limitado para las bibliotecas afiliadas a e-libro. 4aEconomía. 4aSistemas económicos internacionales. 4aGlobalization. 4aSouth AmericaxEconomic integration. 4aLatin AmericaxEconomic integration. 4aLibros electrónicos.2 ae-libro, Corp.40uhttps://elibro.net/ereader/politecnicointernacional/98019 c28697d28697